Normal view MARC view
  • Morelato, Gabriela Susana

Entry Nombre Personal

Number of records used in: 1

001 - NUMERO DE CONTROL

  • campo de control: 47507

003 - IDENTIFICADOR DE NUMERO DE CONTROL

  • campo de control: UPN

005 - FECHA Y HORA DE LA ÜLTIMA TRANSACCIÓN

  • campo de control: 20230111115943.0

008 - DATOS DE LONGITUD FIJA

  • campo de control de longitud fija: 221201|| acn||aabn | a|a d

024 ## - OTROS IDENTIFICADORES NORMALIZADOS

  • Fuente: orcid
  • Número normalizado o código: 0000-0002-2172-0176

040 ## - FUENTE DE CATALOGACIÓN

  • Agencia original de catalogación: MX-MxUPN

100 1# - ENCABEZAMIENTO - NOMBRE PERSONAL

  • Nombre personal: Morelato, Gabriela Susana

370 ## - LUGAR ASOCIADO

  • Place of birth: Argentina

372 ## - CAMPO DE ACTIVIDAD

  • Field of activity: Psicología
  • Field of activity: Psicología del Desarrollo Infantil, Maltrato Infantil, Resiliencia y Vulnerabilidad Sociofamiliar
  • Field of activity: Docencia

373 ## - GRUPO ASOCIADO

  • Associated group: INCIHUSA, CONICET – Universidad del Aconcagua

374 ## - OCUPACIÓN

  • Occupation: Doctora en psicología

375 ## - GÉNERO

  • Gender: femenino

377 ## - LENGUA ASOCIADA

  • Language code: spa

670 ## - FUENTE EN LA QUE SE LOCALIZARON DATOS

  • Cita de la fuente: En recurso en línea Acta de investigación psicológica, Vol. 10, no. 2 (2020):
  • Información localizada: página (Gabriela Susana Morelato)
  • Uniform Resource Identifier: https://www.revista-psicologia.unam.mx/revista_aip/index.php/aip/article/view/347/279

902 ## - CATALOGADOR

  • Catalogador: RGJD/011222